000
00199nam a2200097 4500
999
_c
529932
_d
529932
040
_c
DLC
082
_a
150.1986
_b
SHA
100
_a
Shah, Qasim Ali
_9
12591
245
_a
Apni Talaash
942
_2
ddc
_c
BK